000 00753nas a2200253 4500
001 BR9704904
003 BR-BrBNA
005 20231205100557.0
007 ta
008 230509b bl.|||p| |||| 00| 00por d
040 _aBR-BrBNA
_bpor
_cBiblioteca Nacional de Agricultura
041 _a(Pt)
072 _aQ02
100 1 _aAvila, L.D. de
100 1 _aDaudt, C.E.
245 1 _aInducao da fermentacao malolactica em vinho tinto com a cultura lactica viniflora oenos
650 _aVinho
650 _aFermentacao Latica
650 _aAcido Organico
650 _aMosto
773 0 _tCiencia Rural (Brazil)
_xISSN 0103-8478
_g(Apr-Jun 1997), v. 27(2) p. 325-330
_wBR9704904
909 _a202311
_bLúcia
_c55
_dLúcia Elande
942 _2AGRIS
_n0
_cANA
999 _c156797
_d156797